00763nam a2200193 a 450000100100000000500170001000800410002702000150006804000250008310000470010824501190015526000350027430000210030949000200033050000700035083000270042095201050044799900170055200004408120201002045132.0140515s1994 sp a 000 0 spa d a8478803645 aDO-SdBNPbspacBNPHU1 aAlas Mínguez, Leopoldoc1962-200897207810aDe la acera de enfrente :btodo lo que se debe saber de los gays y nadie se ha atrevido a contar /cLeopoldo Alas. aMadrid :bTemas de Hoy,c1994. a191 p. ;c21 cm.1 aEl papagayov83 aIncluye datos biográficos del autor en la solapa de la cubierta 0aEl papagayov83943887 001050718MOaGRbGRcCTd2014-05-15iLF1l0o p44081-10r2020-06-25w2020-06-25y1ZNo se presta c43570d43570